=LDR 00000nam 2200000 4500 =001 INLIS000000000038284 =005 20130612143946 =008 ***********************************Ind** =035 ##$$0010-061300000038284 =041 ##$$a Ind =082 ##$$a 641.8 =090 ##$$a 641.8, Suk k =100 ##$$a Sukhan, Lanny =245 ##$$a Kue kering gaya baru naster, Lanny Soechan; Edito, Intarina Hardiman =260 ##$$a 2005 $b Jakarta =300 ##$$a 73 hlm, Ilus, 21 cm =650 ##$$a Kue Nastar =850 ##$$a NBPNMAT =990 ##$$a 0001/BPAP-NTB/2016